[Event "Helsingor Xtracon op"]
[Site "Helsingor"]
[Date "2019.07.21"]
[Round "2"]
[White "Nielsen, Andre"]
[Black "Henningsen, Lasse"]
[Result "1-0"]
[WhiteElo "2229"]
[BlackElo "1963"]
[PlyCount "43"]
[EventDate "2019.07.20"]
[EventType "swiss"]
[EventRounds "10"]
[EventCountry "DEN"]
[SourceTitle "CBM 191 Extra"]
[Source "ChessBase"]
[SourceDate "2019.09.30"]
[SourceVersion "1"]
[SourceVersionDate "2019.09.30"]
[SourceQuality "1"]

1. e4 e5 2. Nf3 Nc6 3. Bc4 Nf6 4. d3 Bc5 5. c3 d6 6. Nbd2 h6 7. 0-0 a6 8. Bb3 0-0 9. Re1 Be6 10. Nf1 Kh7 11. Bc2 Ba7 12. d4 Bd7 13. Ng3 Qe7 14. h3 g6 15. Be3 Ng8 16. Qd2 Rad8 17. d5 Bxe3 18. Qxe3 Nb8 19. Qa7 f5 20. exf5 Bxf5 21. Nxf5 gxf5 22. Nd4 1-0

[Event "Helsingor Xtracon op"]
[Site "Helsingor"]
[Date "2018.07.29"]
[Round "10"]
[White "Henningsen, Lasse"]
[Black "Manz, Andreas"]
[Result "1-0"]
[WhiteElo "1930"]
[BlackElo "1791"]
[PlyCount "87"]
[EventDate "2018.07.21"]
[EventType "swiss"]
[EventRounds "10"]
[EventCountry "DEN"]
[SourceTitle "CBM 185 Extra"]
[Source "ChessBase"]
[SourceDate "2018.07.29"]
[SourceVersion "1"]
[SourceVersionDate "2018.07.29"]
[SourceQuality "1"]

1. d4 d5 2. c4 e6 3. Nc3 Nf6 4. Nf3 Be7 5. Bg5 h6 6. Bh4 0-0 7. e3 b6 8. Qc2 Bb7 9. 0-0-0 Nbd7 10. Kb1 Rc8 11. Ne5 dxc4 12. Bxc4 Nd5 13. Bxe7 Nxc3+ 14. Qxc3 Qxe7 15. Nxd7 Qxd7 16. f3 Qe7 17. e4 Rfd8 18. Qe3 c5 19. dxc5 Rxc5 20. Bb3 Qc7 21. Rxd8+ Qxd8 22. Rd1 Qc8 23. Qd4 Rc7 24. e5 Ba6 25. h4 Be2 26. Qd8+ Qxd8 27. Rxd8+ Kh7 28. Bc2+ g6 29. Kc1 Bc4 30. b3 Bd5 31. h5 Kg7 32. hxg6 fxg6 33. Kd2 Kf7 34. Bd3 Kg7 35. Ke3 Kf7 36. g4 Kg7 37. f4 Bc6 38. Rd6 Bd5 39. f5 gxf5 40. gxf5 Kf7 41. f6 Bg2 42. Rd8 Rc1 43. Rd7+ Kf8 44. Bg6 1-0

[Event "Helsingor Xtracon op"]
[Site "Helsingor"]
[Date "2018.07.25"]
[Round "6"]
[White "Henningsen, Lasse"]
[Black "Nesse, David"]
[Result "1-0"]
[WhiteElo "1930"]
[BlackElo "1825"]
[PlyCount "121"]
[EventDate "2018.07.21"]
[EventType "swiss"]
[EventRounds "10"]
[EventCountry "DEN"]
[SourceTitle "CBM 185 Extra"]
[Source "ChessBase"]
[SourceDate "2018.07.29"]
[SourceVersion "1"]
[SourceVersionDate "2018.07.29"]
[SourceQuality "1"]

1. d4 Nf6 2. c4 c5 3. Nf3 g6 4. g3 cxd4 5. Nxd4 Nc6 6. Bg2 Bg7 7. 0-0 0-0 8. Nc3 a6 9. Nc2 Qc7 10. Rb1 b6 11. b3 Bb7 12. Bb2 Rfb8 13. e4 Na7 14. Ne3 b5 15. Ncd5 Nxd5 16. cxd5 d6 17. Bxg7 Kxg7 18. Qd4+ f6 19. Rbc1 Qa5 20. f4 b4 21. e5 Nb5 22. Qd2 Nc3 23. a4 Rc8 24. Kh1 Rc5 25. exf6+ exf6 26. Rfe1 Rac8 27. Nf5+ gxf5 28. Re7+ Kf8 29. Rxb7 R5c7 30. Rxc7 Qxc7 31. Qd4 Kg7 32. Qxb4 Qc5 33. Qxc5 Rxc5 34. b4 Rc7 35. Bf1 Nxd5 36. Rxc7+ Nxc7 37. b5 axb5 38. Bxb5 Kf7 39. Bd7 Na6 40. Bxf5 h6 41. a5 Ke7 42. Bc8 Nc7 43. Kg2 d5 44. g4 d4 45. h4 Nd5 46. a6 Nxf4+ 47. Kf3 Nd5 48. a7 Nb6 49. Bb7 Ke6 50. Ke4 f5+ 51. gxf5+ Kf6 52. a8Q Nxa8 53. Bxa8 d3 54. Kf4 d2 55. Bf3 Kf7 56. Bd1 Kf6 57. h5 Kf7 58. Ke5 Ke7 59. Bb3 Kf8 60. Kf6 d1Q 61. Bxd1 1-0

[Event "Helsingor Xtracon op"]
[Site "Helsingor"]
[Date "2017.07.28"]
[Round "8"]
[White "Henningsen, Lasse"]
[Black "Kvaloy, Aksel Bu"]
[Result "1-0"]
[WhiteElo "1988"]
[BlackElo "1818"]
[PlyCount "53"]
[EventDate "2017.07.22"]
[EventType "swiss"]
[EventRounds "10"]
[EventCountry "DEN"]
[SourceTitle "CBM 179 Extra"]
[Source "ChessBase"]
[SourceDate "2017.08.23"]
[SourceVersion "1"]
[SourceVersionDate "2017.08.23"]
[SourceQuality "1"]

1. d4 Nf6 2. c4 e6 3. Nc3 Bb4 4. Qc2 b6 5. e4 d5 6. Qa4+ Nc6 7. cxd5 Nxe4 8. Qxc6+ Bd7 9. Qc4 Bxc3+ 10. bxc3 exd5 11. Qxd5 0-0 12. Qb3 Re8 13. Be3 Qe7 14. 0-0-0 c5 15. Nf3 cxd4 16. Bxd4 Rac8 17. Ba6 Be6 18. Qb2 Rc7 19. Kb1 b5 20. Ka1 Bc4 21. a4 bxa4 22. Bxc4 Rxc4 23. Rhe1 Qc7 24. Nd2 Rb8 25. Rxe4 f5 26. Qa2 Rb3 27. Nxc4 1-0

[Event "Politiken Cup 37th"]
[Site "Helsingor"]
[Date "2015.07.30"]
[Round "7"]
[White "Antonsen, Mikkel"]
[Black "Henningsen, Lasse"]
[Result "1-0"]
[WhiteElo "2469"]
[BlackElo "1960"]
[PlyCount "75"]
[EventDate "2015.07.25"]
[EventType "swiss"]
[EventRounds "10"]
[EventCountry "DEN"]
[SourceTitle "CBM 167 Extra"]
[Source "ChessBase"]
[SourceDate "2015.09.14"]
[SourceVersion "1"]
[SourceVersionDate "2015.09.14"]
[SourceQuality "1"]

1. d4 e6 2. c4 Nf6 3. Nf3 d5 4. Nc3 Be7 5. g3 0-0 6. Bg2 b6 7. cxd5 exd5 8. 0-0 c6 9. Bf4 Re8 10. Rc1 Bb7 11. Qb3 Nbd7 12. Rfd1 Nf8 13. Bh3 Ng6 14. Bg5 h6 15. Bxf6 Bxf6 16. e3 Qd6 17. Re1 Be7 18. Bg2 Qd8 19. e4 dxe4 20. Rxe4 Bd6 21. Rxe8+ Qxe8 22. Re1 Qd7 23. Ne5 Nxe5 24. dxe5 Be7 25. e6 fxe6 26. Rd1 Qc8 27. Bh3 Kh8 28. Bxe6 Qf8 29. Rd7 Rb8 30. Ne4 c5 31. Bd5 Bxd5 32. Qxd5 Rd8 33. Qb7 Rxd7 34. Qxd7 Bf6 35. Qxa7 Bxb2 36. Qxb6 Bd4 37. Qc6 Qf3 38. Qa8+ 1-0

[Event "Politiken Cup 37th"]
[Site "Helsingor"]
[Date "2015.07.26"]
[Round "3"]
[White "Royset, Pal"]
[Black "Henningsen, Lasse"]
[Result "1-0"]
[WhiteElo "2236"]
[BlackElo "1960"]
[PlyCount "53"]
[EventDate "2015.07.25"]
[EventType "swiss"]
[EventRounds "10"]
[EventCountry "DEN"]
[SourceTitle "CBM 167 Extra"]
[Source "ChessBase"]
[SourceDate "2015.09.14"]
[SourceVersion "1"]
[SourceVersionDate "2015.09.14"]
[SourceQuality "1"]

1. e4 e5 2. Nf3 Nc6 3. Bb5 a6 4. Ba4 Nf6 5. 0-0 Be7 6. Re1 b5 7. Bb3 Bb7 8. c3 d5 9. exd5 Nxd5 10. Nxe5 Nxe5 11. Rxe5 Nf4 12. d4 Nxg2 13. Qe2 h6 14. Qg4 0-0 15. Bxh6 Bf6 16. Nd2 Qc8 17. Qg3 Qd8 18. Ne4 Nh4 19. Bf4 Bxe5 20. Bxe5 Nf5 21. Qg4 Bxe4 22. Qxe4 Qd7 23. Kh1 Nd6 24. Rg1 Nxe4 25. Rxg7+ Kh8 26. Rxf7+ Kg8 27. Rxd7+ 1-0

[Event "Politiken Cup 36th"]
[Site "Helsingor"]
[Date "2014.07.25"]
[Round "6"]
[White "Henningsen, Lasse"]
[Black "Laustsen, Lars"]
[Result "1/2-1/2"]
[WhiteElo "1830"]
[BlackElo "2115"]
[PlyCount "107"]
[EventDate "2014.07.21"]
[EventType "swiss"]
[EventRounds "10"]
[EventCountry "DEN"]
[SourceTitle "CBM 161 Extra"]
[Source "ChessBase"]
[SourceDate "2014.08.29"]
[SourceVersion "1"]
[SourceVersionDate "2014.08.29"]
[SourceQuality "1"]

1. e4 c5 2. c3 Nf6 3. e5 Nd5 4. Nf3 Nc6 5. d4 cxd4 6. cxd4 d6 7. a3 Bg4 8. Bc4 dxe5 9. dxe5 Bxf3 10. Qxf3 e6 11. Bxd5 Nxe5 12. Qe4 Qxd5 13. Qxd5 exd5 14. 0-0 0-0-0 15. Rd1 d4 16. b4 Bd6 17. Nd2 Rhe8 18. Nb3 Nc4 19. Bg5 f6 20. Bh4 Re4 21. Bg3 Bxg3 22. hxg3 d3 23. Nc5 Re2 24. Nxd3 Rc2 25. Rdc1 Nxa3 26. Rxa3 Rxc1+ 27. Nxc1 Rd1+ 28. Kh2 Rxc1 29. Rxa7 Kb8 30. Ra2 Rb1 31. Re2 Rxb4 32. Re7 Rg4 33. Kg1 b5 34. f4 Rxg3 35. Kf2 Rg4 36. Kf3 h5 37. g3 g5 38. Rf7 gxf4 39. gxf4 Rg6 40. Rh7 h4 41. Ke4 Rg8 42. Rxh4 Kc7 43. Kf5 Rf8 44. Ke6 f5 45. Ke7 Rb8 46. Ke6 b4 47. Kxf5 b3 48. Rh1 b2 49. Rb1 Rb4 50. Ke5 Kc6 51. f5 Kd7 52. Kd5 Rb5+ 53. Kc4 Rxf5 54. Rxb2 1/2-1/2

[Event "Politiken Cup 34th"]
[Site "Helsingor"]
[Date "2012.08.01"]
[Round "6"]
[White "Caceres, Cipriano Sande"]
[Black "Henningsen, Lasse"]
[Result "0-1"]
[WhiteElo "1709"]
[BlackElo "1756"]
[PlyCount "90"]
[EventDate "2012.07.28"]
[EventType "swiss"]
[EventRounds "10"]
[EventCountry "DEN"]
[SourceTitle "CBM 149 Extra"]
[Source "ChessBase"]
[SourceDate "2012.08.24"]
[SourceVersion "1"]
[SourceVersionDate "2012.08.24"]
[SourceQuality "1"]

1. c4 e6 2. Nc3 d5 3. d4 Nf6 4. Nf3 c6 5. cxd5 exd5 6. Bg5 Nbd7 7. e3 Be7 8. Bd3 0-0 9. 0-0 a5 10. Rc1 Re8 11. Qc2 Ne4 12. Bxe7 Qxe7 13. Ne2 f5 14. Ne5 Nxe5 15. dxe5 Qxe5 16. f4 Qf6 17. Rf3 Bd7 18. Rcf1 c5 19. Bxe4 dxe4 20. Rg3 b6 21. Kf2 Be6 22. a4 Red8 23. Nc3 Rd3 24. Re1 Rad8 25. Re2 Bc4 26. Nxe4 Qe6 27. Nc3 R3d7 28. e4 Bxe2 29. exf5 Qc4 30. Qe4 Bd3 31. Qe6+ Qxe6 32. fxe6 Re7 33. Re3 Rd6 34. g4 Rexe6 35. Rg3 Bc4 36. Re3 Rd2+ 37. Ke1 Rxb2 38. Rxe6 Bxe6 39. f5 Bb3 40. h4 Rc2 41. Ne4 Bxa4 42. h5 Bb3 43. g5 a4 44. h6 gxh6 45. Nf6+ Kh8 0-1

[Event "Politiken Cup 34th"]
[Site "Helsingor"]
[Date "2012.07.28"]
[Round "1"]
[White "Henningsen, Lasse"]
[Black "Hansen, Mads"]
[Result "0-1"]
[WhiteElo "1756"]
[BlackElo "2341"]
[PlyCount "68"]
[EventDate "2012.07.28"]
[EventType "swiss"]
[EventRounds "10"]
[EventCountry "DEN"]
[SourceTitle "CBM 149 Extra"]
[Source "ChessBase"]
[SourceDate "2012.08.24"]
[SourceVersion "1"]
[SourceVersionDate "2012.08.24"]
[SourceQuality "1"]

1. d4 Nf6 2. Nf3 e6 3. g3 c5 4. c3 b6 5. Bg2 Bb7 6. 0-0 Be7 7. Nbd2 0-0 8. Re1 d5 9. Ne5 a5 10. Ndf3 Na6 11. Bg5 b5 12. dxc5 Nxc5 13. Nd4 Qc7 14. Bf4 Qb6 15. g4 Rfc8 16. Rc1 b4 17. b3 Nfe4 18. c4 f6 19. Nd3 Nc3 20. Qc2 dxc4 21. Nxc5 Bxg2 22. Kxg2 Bxc5 23. Nf3 Bxf2 24. Rf1 Be3 25. Bxe3 Qxe3 26. Ng1 cxb3 27. axb3 Rc5 28. Rf3 Qd4 29. Rcf1 Qxg4+ 30. Kh1 Rac8 31. Qd2 Qe4 32. R1f2 Rd5 33. Qe3 Qxe3 34. Rxe3 Nd1 0-1

[Event "Politiken Cup 33rd"]
[Site "Helsingor"]
[Date "2011.07.31"]
[Round "3"]
[White "Andersen, Rune Egede"]
[Black "Henningsen, Lasse"]
[Result "1/2-1/2"]
[WhiteElo "2078"]
[BlackElo "1670"]
[PlyCount "107"]
[EventDate "2011.07.30"]
[EventType "swiss"]
[EventRounds "10"]
[EventCountry "DEN"]
[SourceTitle "CBM 143 Extra"]
[Source "ChessBase"]
[SourceDate "2011.08.29"]
[SourceVersion "1"]
[SourceVersionDate "2011.08.29"]
[SourceQuality "1"]

1. e4 e5 2. Nf3 Nc6 3. Bb5 a6 4. Ba4 Nf6 5. Qe2 b5 6. Bb3 Bd6 7. d3 h6 8. c3 Bb7 9. Nbd2 Qe7 10. Nf1 Na5 11. Bc2 c5 12. Ne3 g6 13. 0-0 0-0 14. Nh4 Kh7 15. Nef5 gxf5 16. Nxf5 Qe6 17. Bxh6 Rg8 18. f4 Kh8 19. Nxd6 Qxd6 20. fxe5 Qxe5 21. Rf5 Qxf5 22. exf5 Rxg2+ 23. Qxg2 Bxg2 24. Kxg2 Re8 25. Kf3 Nc6 26. h3 Re5 27. d4 cxd4 28. Rg1 Ne8 29. Bf4 Rc5 30. Bb3 dxc3 31. bxc3 Rxf5 32. Ke4 Rf6 33. Rd1 d6 34. Bd5 Ne5 35. Bxe5 dxe5 36. Kxe5 Rf2 37. Be4 Kg7 38. a3 Ra2 39. Bc6 Nc7 40. Rg1+ Kf8 41. Kd6 Ne6 42. Bd5 Rxa3 43. Rf1 Kg7 44. Ke7 Nc5 45. Rxf7+ Kg6 46. Rf3 Na4 47. Rf6+ Kg5 48. Rxa6 Rxc3 49. Ra5 Nb6 50. Be6 Rc5 51. Kd6 Nc4+ 52. Kxc5 Nxa5 53. Kxb5 Nb7 54. Kb6 1/2-1/2

[Event "Politiken Cup 33rd"]
[Site "Helsingor"]
[Date "2011.07.30"]
[Round "1"]
[White "Bach, Matthias"]
[Black "Henningsen, Lasse"]
[Result "1-0"]
[WhiteElo "2307"]
[BlackElo "1670"]
[PlyCount "45"]
[EventDate "2011.07.30"]
[EventType "swiss"]
[EventRounds "10"]
[EventCountry "DEN"]
[SourceTitle "CBM 143 Extra"]
[Source "ChessBase"]
[SourceDate "2011.08.29"]
[SourceVersion "1"]
[SourceVersionDate "2011.08.29"]
[SourceQuality "1"]

1. e4 d6 2. b3 Nf6 3. Nc3 g6 4. Bb2 Bg7 5. d4 0-0 6. Be2 Nc6 7. Nf3 Bg4 8. Nd2 Bxe2 9. Nxe2 e5 10. d5 Ne7 11. f4 Ng4 12. Nc4 exf4 13. Bxg7 Kxg7 14. Nxf4 Nh6 15. Qd4+ Kg8 16. 0-0 b5 17. Ne3 Qd7 18. h3 f5 19. Ne6 Rf7 20. Rf4 g5 21. Nxg5 Rg7 22. Ne6 Rg6 23. exf5 1-0